000 00609nam a2200181Ia 4500
003 GCL
008 140319s9999 xx 000 0 ara d
040 _aGCL /
_cGCL
082 0 4 _aق
_b355.033
_bم ج
100 1 _aمركز تسجيل الاثار المصرية
245 1 0 _aالجيش المصرى القديم the aram in ancient egypt /
_cمركز تسجيل الاثار المصرية
260 _a[S.N] :
_bمركز تسجيل الاثار المصرية
300 _a65 ص
490 _a
650 0 4 _aالحضارة الفرعونية
650 0 4 _aالجيش المصرى
942 _2ddc
_cBK
999 _c36316
_d36316